| 000 | 00680nam a22001697a 4500 | ||
|---|---|---|---|
| 007 | cr | ||
| 008 | 250508b ||||| |||| 00| 0 spa d | ||
| 040 |
_aAR-FvUNAJ _dAR-FvUNAJ _eaacr2 |
||
| 110 | 2 |
_921471 _aArgentina. _bMinisterio de Salud. _bSecretaría de Equidad |
|
| 245 | 1 | 0 |
_aDocumento de buenas prácticas para la teleconsulta : _bteleconsulta con el/la paciente / _cSecretaría de Equidad. |
| 260 |
_aBuenos Aires : _bs.d., _c2021. |
||
| 300 | _a22 p. | ||
| 650 | 0 |
_2dcs _912312 _aTELEMEDICINA |
|
| 856 | _uhttps://servicios.infoleg.gob.ar/infolegInternet/anexos/360000-364999/362465/res581.pdf | ||
| 942 |
_2ddc _cLIBRO DIGI |
||
| 980 |
_62 _aVirginia Figueroa _82 _gVirginia Figueroa |
||
| 999 |
_c10920 _d10920 |
||